[Event "CZE-chT1 East 0506"]
[Site "Czech Republic"]
[Date "2005.12.11"]
[Round "4.6"]
[White "Belacik, Jan"]
[Black "Kozlicek, Lubomir"]
[Result "1/2-1/2"]
[WhiteElo "2074"]
[BlackElo "2171"]
[PlyCount "49"]
[EventDate "2005.10.23"]
[EventType "team"]
[EventRounds "11"]
[EventCountry "CZE"]
[SourceTitle "EXT 2008"]
[Source "ChessBase"]
[SourceDate "2007.11.25"]
[SourceVersion "1"]
[SourceVersionDate "2007.11.25"]
[SourceQuality "1"]

1. d4 Nf6 2. Nf3 c5 3. c4 cxd4 4. Nxd4 e5 5. Nf3 Bc5 6. Nc3 Nc6 7. e3 0-0 8. a3 a5 9. Bd3 d6 10. Qc2 h6 11. h3 Re8 12. Ne4 Nxe4 13. Bxe4 Be6 14. 0-0 a4 15. Bd2 Qc8 16. Nh4 Ne7 17. g4 d5 18. cxd5 Bxd5 19. Rac1 b6 20. Bxd5 Nxd5 21. Qc4 Qd8 22. Ng2 Nf4 23. Nxf4 exf4 24. Rcd1 fxe3 25. Bxe3 1/2-1/2